000 00415nam a2200181Ia 4500
001 3636
005 20260306145658.0
008 260306t1967||||xx |||||||||||||| ||spa||
041 _aESP
082 _a301
_bB76
100 _aBottomore, T.B:
_eAUT
245 0 _aIntroducción a la sociología
260 _c1967
300 _a405 páginas :
_ccm.
650 _aGEN
654 _aCHU
942 _cLIB
_dJUS
_fJUS
_2ddc
_n
999 _c3636
_d3636